[Event "Memorial J.Capablanca"]
[Site "Cienfuegos (Cuba)"]
[Round "0"]
[White "Vilela Jose Luis (CUB)"]
[Black "Christiansen Larry M (USA)"]
[Result "0-1"]
[WhiteElo "2359"]
[BlackElo "2475"]

1.c4 Nf6 2.Nf3 d6 3.d4 Bg4 4.Nc3 Bxf3 5.gxf3 g6 6.f4 Nbd7 7.e3 c6 8.Be2 Bg7
9.Qc2 e5 10.f5 Qe7 11.Bd2 d5 12.O-O-O dxc4 13.Bxc4 O-O-O 14.dxe5 Nxe5 15.Be2
Qc5 16.Rhg1 Bh6 17.Rg3 Rhe8 18.Rh3 Bg7 19.Rh4 Kb8 20.Kb1 g5 21.Rd4 Rd7 22.Qb3
Qb6 23.Rb4 Qc7 24.Be1 Rxd1+ 25.Qxd1 Rd8 26.Rd4 Rxd4 27.Qxd4 g4 28.Ne4 h5
29.Bb4 c5 30.Nxc5 Nc6 31.Qc4 Qxh2 32.Qb5 Qh1+ 33.Kc2 Nxb4+ 34.Qxb4 Qc6 35.Bb5
Qc8 36.Kb3 Bf8 37.Na6+ bxa6 {#R} 0-1

[Event "Ch Germany (team) (South) 1978/79"]
[Site "Germany"]
[Round "0"]
[White "Goehring Karl-Heinz (GER)"]
[Black "Schmid Lothar (GER)"]
[Result "1/2-1/2"]
[WhiteElo "2335"]
[BlackElo "2530"]

1.d4 Nf6 2.c4 d6 3.Nf3 Bg4 4.Nc3 Nbd7 5.e3 e5 6.Be2 c6 7.O-O Be7 8.b3 O-O
9.Bb2 Re8 10.Qc2 Bf8 11.dxe5 dxe5 12.Rfd1 Qc7 13.Ng5 Bxe2 14.Nxe2 h6 15.Ne4
Nxe4 16.Qxe4 Nc5 17.Qc2 e4 18.Ng3 Bd6 19.Rxd6 Qxd6 20.Bxg7 Rad8 21.Bd4 Nd3
22.Nxe4 Rxe4 23.Qxd3 Re6 24.Qf5 Qe7 25.Qg4+ Rg6 26.Qf5 b6 27.c5 Rd5 28.Qc8+
Rd8 29.Qf5 Rd5 30.Qc8+ {#d} 1/2-1/2

[Event "Ch Leningrad"]
[Site "Leningrad (Russia)"]
[Round "0"]
[White "Monin Nikolay (RUS)"]
[Black "Tseitlin Mark D (ISR)"]
[Result "1/2-1/2"]
[WhiteElo "2365"]
[BlackElo "2403"]

1.d4 Nf6 2.Nf3 d6 3.c4 Bg4 4.Qb3 Bxf3 5.Qxf3 Nc6 6.e3 g6 7.Nc3 Bg7 8.Be2 O-O
9.O-O Nd7 10.Rb1 e5 11.d5 Ne7 12.b4 a5 13.a3 axb4 14.axb4 f5 15.e4 fxe4
16.Qxe4 Nf5 17.Qd3 Qh4 18.g3 Qe7 19.Ne4 Nd4 20.Bg4 Ra2 21.Bg5 Nf6 22.f4 Qe8
23.Bxf6 Bxf6 24.fxe5 Qxe5 25.Nxf6+ Rxf6 26.Rfe1 Rff2 27.Rxe5 Rg2+ 28.Kf1 Raf2+
29.Ke1 dxe5 30.Bd1 Ra2 31.Qf1 e4 32.Ra1 Nf3+ 33.Bxf3 Rxa1+ 34.Bd1 Rxh2 35.c5
e3 36.Qc4 Rd2 37.d6+ Kf8 38.Qf4+ Kg8 39.Qc4+ Kf8 40.Qf4+ Kg8 41.Qc4+ Kf8 {#d}
1/2-1/2

[Event "It"]
[Site "Rome (Italy)"]
[Round "0"]
[White "Coppini Giorgio (ITA)"]
[Black "Keene Raymond D (ENG)"]
[Result "0-1"]
[WhiteElo "2179"]
[BlackElo "2455"]

1.Nf3 Nf6 2.c4 d6 3.d4 Bg4 4.Qb3 Qc8 5.g3 Nc6 6.Nbd2 e5 7.Qe3 Qf5 8.a3 Bxf3
9.Nxf3 Ng4 10.Qb3 Nxd4 11.Qxb7 Nc2+ 12.Kd2 Nxa1 13.Qxa8+ Kd7 14.Ne1 Nb3+
15.Kc3 Nxc1 16.Nd3 Nxd3 17.exd3 Nxf2 18.Rg1 e4 19.Bg2 g6 20.Qxa7 Bg7+ 21.Kd2
Bh6+ 22.Kc2 exd3+ 23.Kb3 d2 {#R} 0-1

[Event "It"]
[Site "Rome (Italy)"]
[Round "0"]
[White "Tatai Stefano (ITA)"]
[Black "Hug Werner (SUI)"]
[Result "1/2-1/2"]
[WhiteElo "2367"]
[BlackElo "2475"]

1.d4 Nf6 2.c4 d6 3.Nf3 Bg4 4.Nc3 c6 5.e4 g6 6.Be2 Bg7 7.O-O O-O 8.Be3 Nbd7
9.h3 Bxf3 10.Bxf3 a6 11.d5 cxd5 12.cxd5 Qa5 13.a3 Rfc8 {#d} 1/2-1/2

[Event "It (open)"]
[Site "Stuttgart (Germany)"]
[Round "0"]
[White "Seeger Werner (GER)"]
[Black "Meinberger Leo (GER)"]
[Result "1-0"]
[WhiteElo "2221"]
[BlackElo "2235"]

1.d4 d6 2.Nf3 Nf6 3.c4 Bg4 4.Nc3 Nbd7 5.e4 e5 6.d5 Nc5 7.Qc2 a5 8.Be3 Nfd7
9.Nd2 Be7 10.f3 Bh5 11.Be2 O-O 12.Bf2 f6 13.Be3 Be8 14.g3 Na6 15.O-O Ndc5
16.a3 a4 17.f4 c6 18.Rad1 Qa5 19.Bg4 Nc7 20.Nf3 Bd7 21.Bxd7 Nxd7 22.fxe5 fxe5
23.Kh1 c5 24.Ng5 Rfe8 25.Qe2 Nf6 26.g4 Bf8 27.Bd2 Qb6 28.Bc1 h6 29.Nh3 Nh7
30.g5 hxg5 31.Nxg5 Nxg5 32.Bxg5 Be7 33.Bc1 Bf6 34.Rf5 Kf7 35.Rdf1 Ke7 36.Bg5
Rf8 37.R1f2 Qb3 38.h4 Rf7 {#r} 1-0

[Event "It"]
[Site "Zagreb (Croatia)"]
[Round "4"]
[White "Antunac Goran (CRO)"]
[Black "Haik Aldo (FRA)"]
[Result "1-0"]
[WhiteElo "2406"]
[BlackElo "2390"]

1.d4 Nf6 2.c4 d6 3.Nf3 Bg4 4.Nc3 Bxf3 5.gxf3 g6 6.e4 Bg7 7.Be3 O-O 8.f4 c5
9.dxc5 Qa5 10.Bg2 Nc6 11.cxd6 exd6 12.O-O Rfe8 13.Rc1 Qd8 14.Bf3 Nd7 15.Qxd6
g5 16.Rfd1 gxf4 17.Bxf4 Be5 18.Qxd7 Qxd7 19.Rxd7 Bxf4 20.Rcd1 Ne5 21.Bh5 Nxd7
22.Rxd7 Red8 23.Rxf7 Be5 24.Nd5 Rab8 25.f4 Bd4+ 26.Kg2 Rf8 27.Rd7 Rfd8 28.Re7
Bg7 29.a4 Kh8 30.e5 Rf8 31.Kf3 Rbc8 32.b3 Rc6 33.e6 Bd4 34.Bf7 Rb8 35.Rd7 Rcc8
36.f5 Rf8 37.Ke4 Bb2 38.Bh5 Ba3 39.f6 {#r} 1-0

[Event "Bundesliga 1981/82"]
[Site "Germany"]
[Round "0"]
[White "Podzielny Karl-Heinz (GER)"]
[Black "Schiffer Kai-Uwe (GER)"]
[Result "1/2-1/2"]
[WhiteElo "2470"]
[BlackElo "2303"]

1.d4 Nf6 2.c4 d6 3.Nf3 Bg4 4.Qb3 Qc8 5.Nc3 Nbd7 6.h3 Bh5 7.g4 Bg6 8.Bg2 e5
9.O-O c6 10.e3 Be7 11.Nh4 Nb6 12.Nxg6 hxg6 13.a4 Nbd7 14.a5 a6 15.f4 O-O
16.Bd2 Qc7 17.Qc2 Rae8 18.Qd3 Nh7 19.b4 g5 20.fxe5 dxe5 21.c5 Ndf6 22.Be1 exd4
23.exd4 Rd8 24.Rd1 Rd7 25.Bg3 Qc8 26.Be5 Re8 27.Qf5 Bd8 28.Na4 Bc7 29.Nb6 Bxb6
30.axb6 Qd8 31.Rde1 Rde7 32.Rd1 Rd7 33.Bf3 Re6 34.Bc7 Qe8 35.d5 cxd5 36.Bxd5
g6 37.Qxe6 fxe6 38.Bxb7 Nd5 39.Bc6 Nhf6 40.Rxf6 Nxf6 41.Rxd7 Nxd7 42.b7 Kh7
43.Bd6 Qh8 44.Bxd7 Qd4+ 45.Kf1 Qd3+ 46.Kf2 Qd4+ {#d} 1/2-1/2

[Event "Ch Czechoslovakia (open)"]
[Site "Hradec Kralove (Czech Republic)"]
[Round "0"]
[White "Plachetka Jan (SVK)"]
[Black "Lebredo Gerardo (CUB)"]
[Result "1/2-1/2"]
[WhiteElo "2445"]
[BlackElo "2375"]

1.Nf3 Nf6 2.c4 d6 3.d4 Bg4 4.Nc3 c6 5.e4 Nbd7 6.Be2 g6 7.Ng1 Bxe2 8.Ngxe2 Bg7
9.O-O O-O 10.Ng3 Ne8 11.Be3 e5 12.f4 exf4 13.Rxf4 Nc7 14.Rf2 d5 15.cxd5 cxd5
16.e5 f6 17.exf6 Nxf6 18.Bf4 Qd7 19.Be5 Ne6 20.h3 Rf7 21.Qd3 Raf8 22.Raf1 Ne8
23.Rxf7 Rxf7 24.Rxf7 Kxf7 25.Qf3+ Kg8 26.Bxg7 Kxg7 27.Nge2 Nf6 28.Qg3 Qc7
29.Qe5 Qxe5 30.dxe5 Nd7 31.Nxd5 {#d} 1/2-1/2

[Event "Ch Wales"]
[Site "Wales"]
[Round "4"]
[White "Williams Arthur H (WLS)"]
[Black "Jones Iolo C (WLS)"]
[Result "1-0"]
[WhiteElo "2353"]
[BlackElo "2282"]

1.d4 Nf6 2.c4 d6 3.Nf3 Bg4 4.Nc3 Nbd7 5.g3 Bxf3 6.exf3 c6 7.Bg2 e6 8.f4 Nb6
9.b3 Be7 10.O-O O-O 11.Bb2 d5 12.c5 Nbd7 13.b4 g6 14.Ne2 Ne8 15.Nc1 a5 16.a3
axb4 17.axb4 Rxa1 18.Bxa1 Qa8 19.Nd3 Nc7 20.Bb2 Qa6 21.Qd2 b5 22.h4 Ra8 23.h5
Qc8 24.Bf3 Ne8 25.Kg2 Qd8 26.Rh1 g5 27.Bc1 h6 28.Ne5 Nxe5 29.fxe5 Bf8 30.Bg4
f5 31.exf6 Qxf6 32.Re1 Nc7 33.f4 Bg7 34.fxg5 Qxd4 35.gxh6 Qxd2+ 36.Bxd2 Ra2
37.hxg7 Rxd2+ 38.Kf3 Kxg7 39.Bxe6 Kf6 40.Bd7 Rb2 41.Bxc6 Rb3+ 42.Kg2 Ne6
43.Rf1+ {#r} 1-0

[Event "It (a)"]
[Site "Wroclaw (Poland)"]
[Round "9"]
[White "Szekely Peter (HUN)"]
[Black "Spiridonov Nikola (BUL)"]
[Result "1/2-1/2"]
[WhiteElo "2425"]
[BlackElo "2420"]

1.Nf3 Nf6 2.c4 d6 3.d4 Bg4 4.e3 c6 5.Be2 e6 6.O-O Nbd7 7.Nc3 d5 8.b3 Bd6 9.h3
Bh5 10.Bb2 O-O 11.Qc2 Bg6 12.Bd3 Bb4 {#d} 1/2-1/2

[Event "It (open)"]
[Site "Caorle (Italy)"]
[Round "4"]
[White "Romani Elio (ITA)"]
[Black "Sulava Nenad (CRO)"]
[Result "1-0"]
[WhiteElo "2275"]
[BlackElo "2320"]

1.d4 Nf6 2.Nf3 d6 3.c4 Bg4 4.Nbd2 g6 5.g3 Bg7 6.Bg2 O-O 7.O-O Qc8 8.Re1 c6
9.b3 Re8 10.Bb2 e5 11.dxe5 dxe5 12.Nxe5 Qf5 13.Nef3 Na6 14.Qb1 Qh5 15.Bc3 c5
16.Qb2 Re6 17.Rad1 Rae8 18.Nf1 Nb4 19.Ne3 Bxf3 20.Bxf3 Qh3 21.Nd5 Nfxd5
22.cxd5 Re5 23.a3 Na6 24.d6 Qd7 25.Bg2 Nb8 26.f4 Rxe2 27.Rxe2 Rxe2 28.Qxe2
Bxc3 29.Qe7 Qg4 30.Rf1 Kg7 31.Bxb7 Bf6 32.Qe8 Nd7 33.Bc8 Qh3 34.Bxd7 Bd4+
35.Rf2 Bxf2+ 36.Kxf2 Qxh2+ 37.Kf3 Qh1+ 38.Ke2 Qg2+ 39.Kd3 Qd5+ 40.Kc3 Qd4+
41.Kc2 Qf2+ 42.Kd3 Qxg3+ 43.Qe3 Qg2 44.Kc4 {#r} 1-0

[Event "Ch Czechoslovakia"]
[Site "Frenstat pod Radhostem (Czech Republic)"]
[Round "0"]
[White "Plachetka Jan (SVK)"]
[Black "Vykydal Frantisek (CZE)"]
[Result "1-0"]
[WhiteElo "2388"]
[BlackElo "2134"]

1.Nf3 Nf6 2.d4 d6 3.c4 Bg4 4.Nc3 Bxf3 5.exf3 Nbd7 6.f4 e6 7.Qb3 Rb8 8.Be3 c5
9.Be2 Be7 10.O-O-O a6 11.dxc5 dxc5 12.g4 O-O 13.g5 Ne8 14.Ne4 Qc8 15.Qd3 Nb6
16.h4 Qc7 17.h5 e5 18.fxe5 Qxe5 19.f4 Qc7 20.Qc2 f5 21.gxf6 Bxf6 22.Bxc5 Be7
23.Bd4 Rc8 24.Be5 Qc6 25.Bg4 Rd8 26.Rxd8 Bxd8 27.c5 Nd5 28.h6 Bf6 29.hxg7 Rf7
30.Bh5 Nxg7 31.Bxf7+ Kxf7 32.Rxh7 Bxe5 33.fxe5 Nf4 34.Ng5+ Kf8 35.Qf2 Qxc5+
36.Qxc5+ {#r} 1-0

[Event "Bundesliga 1982/83"]
[Site "Germany"]
[Round "0"]
[White "Sosonko Gennadi (NED)"]
[Black "Wockenfuss Klaus (GER)"]
[Result "1/2-1/2"]
[WhiteElo "2575"]
[BlackElo "2309"]

1.d4 Nf6 2.c4 d6 3.Nf3 Bg4 4.Nc3 Nbd7 5.e4 e5 6.Be3 g6 7.Be2 Bg7 8.O-O c6
9.Qc2 exd4 10.Bxd4 O-O 11.h3 Bxf3 12.Bxf3 Re8 13.Rad1 Qc7 14.Be3 Re6 15.Rd2
Rae8 16.Rfd1 Ne5 17.Be2 Ned7 18.b4 Nxe4 19.Nxe4 Rxe4 20.Rxd6 Nf8 21.Qd3 Rxe3
22.fxe3 Bh6 23.e4 Bf4 {#d} 1/2-1/2

[Event "It (cat.7)"]
[Site "Aarhus (Denmark)"]
[Round "0"]
[White "Pedersen Erik (DEN)"]
[Black "Keene Raymond D (ENG)"]
[Result "1/2-1/2"]
[WhiteElo "2340"]
[BlackElo "2490"]

1.d4 Nf6 2.Nf3 d6 3.c4 Bg4 4.Qb3 Qc8 5.h3 Bxf3 6.Qxf3 Nc6 7.d5 Ne5 8.Qb3 g6
9.Nc3 Bg7 10.e4 O-O 11.Be2 c5 12.O-O a6 13.Qc2 e6 14.Bg5 exd5 15.exd5 Qf5
16.Qxf5 gxf5 17.f4 {#d} 1/2-1/2

[Event "Memorial V.Goglidze"]
[Site "Tbilisi (Georgia)"]
[Round "0"]
[White "Adamski Jan (POL)"]
[Black "Gurgenidze Bukhuti (GEO)"]
[Result "1/2-1/2"]
[WhiteElo "2450"]
[BlackElo "2470"]

1.d4 Nf6 2.Nf3 d6 3.c4 Bg4 4.e3 Nbd7 5.Nc3 e6 6.d5 e5 7.Be2 g6 8.O-O Bh6 9.Nd2
Bxe2 10.Qxe2 O-O 11.e4 {#d} 1/2-1/2

[Event "It (cat.10)"]
[Site "Vrsac (Yugoslavia)"]
[Round "0"]
[White "Smejkal Jan (CZE)"]
[Black "Rajkovic Dusan (SRB)"]
[Result "1/2-1/2"]
[WhiteElo "2560"]
[BlackElo "2500"]

1.Nf3 Nf6 2.c4 d6 3.d4 Bg4 4.Nc3 c6 5.e4 Nbd7 6.Be2 e5 7.O-O Be7 8.Be3 O-O
9.d5 a6 10.b4 Qb8 11.Nd2 Bxe2 12.Qxe2 Rc8 13.Rfc1 cxd5 14.cxd5 Bd8 15.Nb3 Bb6
16.Na4 Bxe3 17.Qxe3 b5 18.Nb2 Qb6 19.Qe2 Kf8 20.Rc2 Rxc2 21.Qxc2 Ne8 22.g3 Ra7
23.Qd3 Rc7 24.Kg2 Nef6 25.f3 h5 26.h4 Rc8 27.Qd2 Ne8 28.Rc1 Rxc1 29.Qxc1 Qc7
30.Qxc7 Nxc7 31.g4 Nf6 32.g5 Nd7 33.Kf2 f6 34.gxf6 Nxf6 35.Nd1 Nd7 36.Ne3 g6
37.Kg3 Ke7 38.Na5 Kf6 39.Nb7 Ne8 40.Nd8 Nb6 41.Ne6 Ke7 42.Kf2 Na8 43.Nd1 Nec7
44.Ng5 Nb6 45.Nb2 Na4 46.Nd1 Nb6 47.Nb2 Na4 48.Nd1 {#d} 1/2-1/2

[Event "It (open)"]
[Site "Berlin (Germany)"]
[Round "0"]
[White "Benjamin Joel (USA)"]
[Black "Wockenfuss Klaus (GER)"]
[Result "1-0"]
[WhiteElo "2520"]
[BlackElo "2309"]

1.d4 Nf6 2.c4 d6 3.Nf3 Bg4 4.g3 g6 5.Bg2 Bg7 6.O-O O-O 7.Nc3 Qc8 8.Re1 Nc6
9.d5 Nb8 10.Bd2 a5 11.Nd4 Re8 12.Rc1 Bh3 13.Bh1 Ng4 14.Nf3 h6 15.e4 Nd7 16.Ne2
Nde5 17.Nxe5 Nxe5 18.Bc3 Bg4 19.Qc2 Bf8 20.f4 Nxc4 21.Bd4 b5 22.a4 e5 23.dxe6
Bxe6 24.axb5 f5 25.exf5 gxf5 26.Nc3 Nb6 27.Bc6 Bg7 28.Bxg7 Kxg7 29.Ne2 Bd7
30.Bxa8 Nxa8 31.Nd4 Kf6 32.Qc3 Kg6 33.Rxe8 Qxe8 34.Re1 Qf7 35.Qxa5 Qd5 36.Qc3
Nb6 37.Re7 Na4 38.Qe3 Bc8 39.Rxc7 {#r} 1-0

[Event "Ch Argentina (juniors)"]
[Site "La Falda (Argentina)"]
[Round "7"]
[White "Fulgenzi Ernesto (ARG)"]
[Black "Darcyl Tomas (ARG)"]
[Result "0-1"]
[WhiteElo "2338"]
[BlackElo "2405"]

1.Nf3 Nf6 2.c4 d6 3.d4 Bg4 4.Nc3 Bxf3 5.exf3 e6 6.Be3 Be7 7.Qb3 Qc8 8.Be2 O-O
9.f4 c6 10.d5 Na6 11.Bf3 exd5 12.cxd5 c5 13.O-O Nc7 14.a4 b6 15.Qc4 a6 16.b4
b5 17.Qb3 cxb4 18.Qxb4 a5 19.Qb3 b4 20.Ne2 Na6 21.Rac1 Nc5 22.Bxc5 dxc5 23.d6
Bxd6 24.Bxa8 Qxa8 25.Rfd1 Rd8 26.Rc4 Bf8 27.Ng3 Rxd1+ 28.Qxd1 Qa6 29.Qb3 Nd5
30.Nf1 Qe6 31.Ne3 Nb6 32.g3 Nxc4 33.Qxc4 Qf6 34.Qb3 h5 35.Nc4 h4 36.gxh4 Qxf4
37.Nxa5 Bd6 38.h3 Qh2+ 39.Kf1 Qh1+ 40.Ke2 Qe4+ 41.Kf1 Qh1+ 42.Ke2 Qe4+ 43.Kf1
Be5 44.Qc4 Bd4 45.Nb3 Qb1+ 46.Kg2 Qa2 {#R} 0-1

[Event "Ch Moscow"]
[Site "Moscow (Russia)"]
[Round "0"]
[White "Andrianov Nikolai (RUS)"]
[Black "Kremenietsky Anatoly M (RUS)"]
[Result "1-0"]
[WhiteElo "2400"]
[BlackElo "2410"]

1.d4 Nf6 2.Nf3 d6 3.c4 Bg4 4.Nbd2 Nc6 5.h3 Bd7 6.e4 e5 7.d5 Nd4 8.Nxd4 exd4
9.Bd3 g6 10.O-O Bg7 11.f4 O-O 12.Nf3 c6 13.e5 Ne8 14.Re1 Nc7 15.exd6 Na6 16.f5
cxd5 17.Bg5 Qb6 18.fxg6 hxg6 19.Be7 Rfe8 20.Ng5 Bh6 21.Qf3 Bxg5 22.Bxg6 fxg6
23.Qxd5+ Kg7 24.Qxg5 d3+ 25.Kh2 Bf5 26.Re5 Qf2 27.Qf6+ Kg8 28.d7 Qf4+ 29.Kh1
Nc7 30.dxe8=Q+ Nxe8 31.Qf8+ Kh7 32.Bf6 {#r} 1-0

[Event "Ch Czechoslovakia"]
[Site "Sumperk (Czech Republic)"]
[Round "0"]
[White "Smejkal Jan (CZE)"]
[Black "Pastircak Milan (CZE)"]
[Result "1/2-1/2"]
[WhiteElo "2540"]
[BlackElo "2230"]

1.Nf3 d6 2.d4 Bg4 3.c4 Nf6 4.Nc3 Nbd7 5.e4 e5 6.Be2 Be7 7.O-O O-O 8.Be3 c6
9.d5 Qb8 10.Ne1 Bxe2 11.Qxe2 cxd5 12.cxd5 Rc8 13.Nd3 Bd8 14.f4 Ba5 15.Bd2 b5
16.fxe5 dxe5 17.Nf2 Bb6 18.Kh1 Bxf2 19.Rxf2 b4 20.Nd1 Rc2 21.Qd3 Rc7 22.Qf3
Qb5 23.Bg5 Rac8 24.h3 h6 25.Bxf6 Nxf6 26.Ne3 Qd3 27.Ng4 Qxf3 28.gxf3 Nxg4
29.hxg4 Rc1+ 30.Rxc1 Rxc1+ 31.Kg2 Kf8 32.Rd2 Ke7 33.Kf2 a5 34.b3 Kd6 {#d}
1/2-1/2

[Event "It (open)"]
[Site "Balatonbereny (Hungary)"]
[Round "6"]
[White "Yap Andromico (PHI)"]
[Black "Mokry Karel (CZE)"]
[Result "1-0"]
[WhiteElo "2425"]
[BlackElo "2455"]

1.Nf3 d6 2.d4 Nf6 3.c4 Bg4 4.Nbd2 g6 5.Qb3 Bc8 6.g3 Bg7 7.Bg2 O-O 8.O-O c6
9.e4 Nbd7 10.Qc2 e5 11.dxe5 dxe5 12.b3 Re8 13.Bb2 Bf8 14.a3 Qc7 15.b4 b6
16.Bc3 Bb7 17.Qb2 c5 18.b5 Rad8 19.Rae1 Nh5 20.a4 Bh6 21.a5 f6 22.Nb1 Nf8
23.Bd2 Bxd2 24.Nfxd2 Ne6 25.Nc3 Nd4 26.Ra1 Qb8 27.axb6 axb6 28.Nd5 Qd6 29.Ra7
Rd7 30.Rfa1 Rf7 31.f3 Rb8 32.Nb3 Ng7 33.Nxd4 cxd4 34.Qa3 Qxa3 35.R1xa3 Bxd5
36.exd5 Rxa7 37.Rxa7 Ne8 38.Rd7 Rc8 39.Bf1 Kf8 40.Kf2 Rc7 41.Rd8 Ke7 42.Rb8
Nd6 43.Rxb6 Nxc4 44.Re6+ Kd7 45.b6 Rc5 46.b7 Kc7 47.Re7+ {#r} 1-0

[Event "It (open)"]
[Site "New York (USA)"]
[Round "0"]
[White "Frias Victor J (CHI)"]
[Black "Karklins Andrew (USA)"]
[Result "1-0"]
[WhiteElo "2493"]
[BlackElo "2205"]

1.d4 Nf6 2.Nf3 d6 3.c4 Bg4 4.Nc3 Nfd7 5.g3 e5 6.Bg2 c6 7.O-O Be7 8.Be3 O-O
9.Qb3 Qc8 10.Rfd1 Na6 11.Rac1 Bf5 12.Qa3 Re8 13.b4 Nb6 14.Qb3 exd4 15.Nxd4 Bh3
16.Bf3 Nxb4 17.Qxb4 c5 18.Qb3 cxd4 19.Bxd4 Bg5 20.e3 Be6 21.Nd5 Bxd5 22.cxd5
Qd7 23.Kg2 Na4 24.Rc4 b5 25.Rc6 a6 26.Rdc1 Be7 27.Rc7 Qd8 28.R1c6 Bf6 29.Qb4
Bxd4 30.exd4 Re7 31.Rxe7 Qxe7 32.Qxd6 Qxd6 33.Rxd6 Kf8 34.Rc6 Ra7 35.d6 Ra8
36.Bd5 Ke8 37.Rc7 Rd8 38.Re7+ Kf8 39.Rxf7+ Ke8 40.Rxg7 Rxd6 41.Bb3 Nc3 42.Rxh7
a5 43.Rc7 Ne2 44.Kf3 Nxd4+ 45.Ke4 a4 46.Bd5 Ne2 47.Rc2 {#r} 1-0

[Event "Tournament"]
[Site "Tallinn (Estonia)"]
[Round "0"]
[White "Palatnik Semon (USA)"]
[Black "Karner Hillar (EST)"]
[Result "1-0"]
[WhiteElo "2455"]
[BlackElo "2390"]

1.d4 Nf6 2.Nf3 d6 3.c4 Bg4 4.Nc3 Bxf3 5.gxf3 Nbd7 6.f4 c6 7.Bg2 g6 8.O-O Bg7
9.b3 O-O 10.Bb2 e6 11.e3 Re8 12.Qe2 d5 13.a4 a5 14.Rfc1 Nb8 15.Na2 Bf8 16.Bc3
Bd6 17.b4 axb4 18.Nxb4 dxc4 19.Qxc4 Nd5 20.Nxd5 cxd5 21.Qb5 Re7 22.a5 Ra6
23.Bd2 Rc7 24.Rxc7 Qxc7 25.Rb1 Nc6 26.Bf1 Nxa5 27.Qe8+ Kg7 28.Bxa6 Qc2 29.Bxa5
Qxb1+ 30.Bf1 {#r} 1-0

[Event "Ch Switzerland"]
[Site "Basel (Switzerland)"]
[Round "0"]
[White "Wirthensohn Heinz (SUI)"]
[Black "Toth Bela (ITA)"]
[Result "1-0"]
[WhiteElo "2440"]
[BlackElo "2440"]

1.d4 Nf6 2.Nf3 d6 3.c4 Bg4 4.Nc3 Bxf3 5.gxf3 Nbd7 6.f4 g6 7.Bg2 c6 8.O-O Bh6
9.d5 c5 10.b3 O-O 11.e3 Rb8 12.Bb2 a6 13.a4 b6 14.Kh1 Bg7 15.Qc2 Ne8 16.Rg1
Nc7 17.Bf1 e6 18.dxe6 fxe6 19.Rd1 Qe7 20.Qd2 Ne8 21.Bg2 Ndf6 22.Qe2 Nc7 23.Rd2
Rfd8 24.Rgd1 Nfe8 25.Bc6 Nf6 26.Bf3 Kh8 27.Rd3 Nfe8 28.Qd2 b5 29.axb5 axb5
30.Nxb5 Nxb5 31.cxb5 Rxb5 32.Bxg7+ Kxg7 33.Qc3+ Kg8 34.f5 gxf5 35.Bc6 Rb4
36.e4 f4 37.Bxe8 {#r} 1-0

[Event "Tournament"]
[Site "Hamburg (Germany)"]
[Round "0"]
[White "Bobzin Pierre (GER)"]
[Black "Fehrig Andreas"]
[Result "1-0"]
[WhiteElo "2196"]
[BlackElo "2215"]

1.d4 Nf6 2.c4 d6 3.Nf3 Bg4 4.h3 Bh5 5.Nc3 c6 6.e4 Nbd7 7.Be2 Bg6 8.e5 Ne4
9.Nxe4 Bxe4 10.Ng5 Bg6 11.e6 Nf6 12.exf7+ Bxf7 13.Nxf7 Kxf7 14.O-O e6 15.Re1
Qd7 16.Bg5 Be7 17.Bxf6 gxf6 18.Bg4 f5 19.d5 e5 20.dxc6 bxc6 21.Bh5+ Kf6 22.Qd2
Ke6 23.Rxe5+ Kf6 24.Qh6+ Kxe5 25.Re1+ Kd4 26.Qe3+ Kxc4 27.Be2+ Kb4 28.Qa3# 1-0

[Event "It (open)"]
[Site "Kuopio (Finland)"]
[Round "0"]
[White "Hakulinen Esko-Matti (FIN)"]
[Black "Porrasmaa Timo (FIN)"]
[Result "1-0"]
[WhiteElo "2328"]
[BlackElo "2124"]

1.d4 Nf6 2.Nf3 d6 3.c4 Bg4 4.Qb3 Qc8 5.h3 Bf5 6.Nc3 Nc6 7.Bf4 Ne4 8.d5 Nc5
9.Qd1 e5 10.Be3 Nb4 11.Rc1 Nd7 12.a3 Na6 13.Nh4 Bg6 14.Nxg6 hxg6 15.Bd2 Be7
16.e4 Qd8 17.Be2 Bg5 18.b4 Bxd2+ 19.Qxd2 Qf6 20.g3 O-O 21.O-O Qe7 22.Kg2 Nf6
23.Qg5 Nxd5 24.Qxe7 Nxe7 25.Nd5 Nc6 26.c5 Ncb8 27.cxd6 cxd6 28.Bg4 Rd8 29.Bc8
{#r} 1-0

[Event "It (open)"]
[Site "New York (USA)"]
[Round "0"]
[White "Benjamin Joel (USA)"]
[Black "Shirazi Kamran (FRA)"]
[Result "1-0"]
[WhiteElo "2540"]
[BlackElo "2450"]

1.d4 Nf6 2.Nf3 d6 3.c4 Bg4 4.Nc3 e6 5.e4 c5 6.dxc5 Nc6 7.cxd6 Bxd6 8.Be2 Qc7
9.Nb5 Bb4+ 10.Nd2 Qf4 11.g3 Qe5 12.f4 Qc5 13.Bxg4 O-O-O 14.Nc3 Bxc3 15.bxc3
Qe3+ 16.Qe2 Qxc3 17.Rb1 Nd4 18.Qd1 Nc2+ 19.Kf2 Ne3 20.Qb3 Rxd2+ 21.Bxd2 Qxd2+
22.Be2 b6 23.Qd3 Neg4+ 24.Kf3 Qa5 25.c5 bxc5 26.h3 Nh6 27.Rhc1 Kc7 28.Rb5 Rd8
{#r} 1-0

[Event "It (open) \"]
[Site "Chicago (USA)"]
[Round "1"]
[White "Kreckler Warren"]
[Black "Shirazi Kamran (FRA)"]
[Result "0-1"]
[WhiteElo "2200"]
[BlackElo "2376"]

1.Nf3 Nf6 2.c4 d6 3.d4 Bg4 4.Nc3 e6 5.e4 c5 6.dxc5 Nc6 7.cxd6 Bxd6 8.Be2 Qc7
9.Nb5 Bb4+ 10.Bd2 Qe7 11.Bxb4 Qxb4+ 12.Qd2 Nxe4 13.Qxb4 Nxb4 14.O-O Ke7 15.a3
Nc6 16.Rfd1 Rhd8 17.h3 Bxf3 18.Bxf3 Nd2 19.Be2 a6 20.Nc7 Rac8 21.Nd5+ exd5
22.Rxd2 dxc4 23.Rxd8 Nxd8 24.Rc1 b5 25.a4 Rc5 26.axb5 axb5 27.b3 Re5 28.Kf1
cxb3 29.Bd1 Ne6 30.Bxb3 Kd6 {#R} 0-1

[Event "Ch Netherlands (1/2 final)"]
[Site "Eindhoven (Netherlands)"]
[Round "4"]
[White "De Wolf Johan (NED)"]
[Black "Kohler Aran (NED)"]
[Result "0-1"]
[WhiteElo "2130"]
[BlackElo "2243"]

1.d4 Nf6 2.Nf3 d6 3.c4 Bg4 4.Nc3 Nbd7 5.e4 e5 6.Be2 Be7 7.Be3 O-O 8.O-O c6
9.h3 Bh5 10.Nd2 Bg6 11.g3 Ne8 12.g4 Bg5 13.Nf3 Bxe3 14.fxe3 Qe7 15.Bd3 Nc7
16.Qe1 Ne6 17.Qg3 f6 18.Rad1 Bf7 19.Nh4 g6 20.Nf3 Ng7 21.Rd2 a6 22.Rdf2 b5
23.Nd2 Kh8 24.Ne2 Bg8 25.Qh4 Rae8 26.Rc1 b4 27.Rcf1 a5 28.Bc2 g5 29.Qg3 Nb6
30.Bd3 Na4 31.Rb1 Bf7 32.Qf3 Bg6 33.Ng3 exd4 34.exd4 Ne6 35.Nf5 Bxf5 36.Qxf5
Nxd4 37.Qxa5 Ra8 38.Qxb4 Rfb8 39.Qa3 Qe5 40.b4 Qg3+ 41.Rg2 Qe3+ 42.Kh2 Nc5
43.bxc5 Qf4+ {#R} 0-1

[Event "?"]
[Site "Guernsey & Jersey"]
[Round "0"]
[White "Martin Del Campo Roberto (MEX)"]
[Black "Schroeder Wilfried (GER)"]
[Result "1-0"]
[WhiteElo "2215"]
[BlackElo "2147"]

1.Nf3 Nf6 2.d4 d6 3.c4 Bg4 4.Nc3 e6 5.Qb3 Qc8 6.Bg5 Be7 7.Nd2 O-O 8.e3 c5 9.h3
Bh5 10.Be2 Bxe2 11.Nxe2 Nc6 12.O-O Qc7 13.Rac1 Rad8 14.Bxf6 Bxf6 15.d5 exd5
16.cxd5 Ne5 17.Qc2 g6 18.b4 b6 19.Ne4 Bg7 20.bxc5 dxc5 21.Nf4 c4 22.d6 Qb7
23.Nd5 Nd3 24.Qxc4 Nxc1 25.Rxc1 Kh8 26.Qb3 f5 27.Rc7 Qb8 28.Ng5 Rxd6 29.Qc3
Qxc7 30.Qxc7 Rxd5 31.g3 Rb5 32.Kg2 h6 33.Ne6 Rg8 34.Qf7 g5 35.Nxg5 Rf8 36.Qh5
Kg8 37.Ne6 Rf6 38.Qe8+ Kh7 39.Qe7 Rg6 40.Nf8+ {#r} 1-0

[Event "Ch Switzerland"]
[Site "Lenk (Switzerland)"]
[Round "0"]
[White "Landenbergue Claude (SUI)"]
[Black "Gobet Fernand (SUI)"]
[Result "1-0"]
[WhiteElo "2397"]
[BlackElo "2400"]

1.Nf3 d6 2.d4 Bg4 3.c4 Nf6 4.Nc3 e6 5.e3 Nbd7 6.Be2 Be7 7.O-O O-O 8.b3 d5
9.Bb2 c6 10.h3 Bh5 11.Qc2 Bg6 12.Bd3 Bxd3 13.Qxd3 Bb4 14.Nd2 e5 15.dxe5 Nxe5
16.Qf5 Re8 17.cxd5 g6 18.Qc2 cxd5 19.a3 Bf8 20.Rac1 Rc8 21.Qb1 Bh6 22.Rfd1 Qb6
23.Na4 Rxc1 24.Rxc1 Qa6 25.Nc5 Qe2 26.Bxe5 Rxe5 27.Nf3 Bxe3 28.fxe3 Qxe3+
29.Kh1 Rh5 30.Qb2 Ng4 31.Nd3 f6 32.Qc2 Qxd3 33.Qc8+ Kg7 34.Rc7+ {#r} 1-0

[Event "It"]
[Site "Primorsko (Bulgaria)"]
[Round "3"]
[White "Ermenkov Evgenij (PLE)"]
[Black "Kostadinov Rumen (BUL)"]
[Result "1-0"]
[WhiteElo "2431"]
[BlackElo "2203"]

1.d4 Nf6 2.Nf3 d6 3.c4 Bg4 4.Nc3 Nbd7 5.e4 e5 6.Be2 Be7 7.Be3 O-O 8.O-O c6
9.d5 Bh5 10.Ne1 Bxe2 11.Qxe2 c5 12.Nd3 Ne8 13.Qd2 h6 14.g3 a6 15.a4 Nc7 16.a5
Bg5 17.f4 exf4 18.gxf4 Bf6 19.e5 dxe5 20.f5 Bg5 21.Ne4 Bxe3+ 22.Qxe3 Ne8
23.Ndxc5 Nxc5 24.Nxc5 Rc8 25.b4 Nd6 26.f6 Nxc4 27.Qg3 g6 28.Qh4 Qxd5 29.Rad1
Nd2 30.Qxh6 Qd4+ 31.Kg2 Qg4+ 32.Kh1 {#r} 1-0